000 00303nam a2200133 i 4500
001 bg
100 1 _aRICE, H.
245 0 _aTechnical Mathematics with Calculus /
_cH. Rice.
260 _aNowy Jork,
_c1966.
040 _cBPK
041 _apol
942 _cKS
008 s pl f |000 0 pol
999 _c8524
_d8524
856 _uhttp://koha.tu.koszalin.pl/cgi-bin/koha/opac-detail.pl?biblionumber=8524
_yKatalog online BPK